Essentials of Life-Span Development (Record no. 1840)
[ view plain ]
| 005 - DATE AND TIME OF LATEST TRANSACTION | |
|---|---|
| control field | 20250430140315.0 |
| 020 ## - INTERNATIONAL STANDARD BOOK NUMBER | |
| International Standard Book Number | 978-0-07-340551-3 |
| 082 ## - DEWEY DECIMAL CLASSIFICATION NUMBER | |
| Classification number | LECT 155 SAN. |
| 100 ## - MAIN ENTRY--PERSONAL NAME | |
| Author name | SANTROCK, J. W. |
| 245 ## - TITLE STATEMENT | |
| Title | Essentials of Life-Span Development |
| 260 ## - PUBLICATION, DISTRIBUTION, ETC. | |
| Place of publication, distribution, etc. | Boston, |
| Name of publisher, distributor, etc. | Mcgraw- Hill, |
| Date of publication, distribution, etc. | 2008. |
| 300 ## - PHYSICAL DESCRIPTION | |
| Extent | xx,520p,: ill.; figure, picture and table. |
| Other physical details | Glossary, index and reference. |
| Dimensions | 27cm. |
| 856 ## - ELECTRONIC LOCATION AND ACCESS | |
| Link text | Access Online Book |
| Electronic name | Essentials of Life-Span Development |
| Path | www.mhhe.com |
| 942 ## - ADDED ENTRY ELEMENTS (KOHA) | |
| Source of classification or shelving scheme | Dewey Decimal Classification |
| Koha item type | Books |
| Date last seen | Total checkouts | Full call number | Barcode | Cost, replacement price | Price effective from | Koha item type | Lost status | Source of classification or shelving scheme | Damaged status | Not for loan | Withdrawn status | Home library | Current library | Shelving location | Date acquired | Cost, normal purchase price |
|---|---|---|---|---|---|---|---|---|---|---|---|---|---|---|---|---|
| 04/30/2025 | LECT 155 SAN | 0000007185 | 90000.00 | 04/30/2025 | Books | Dewey Decimal Classification | College of Business Education Main Library | College of Business Education Main Library | General Collection | 04/25/2013 | 30000.00 | |||||
| 04/30/2025 | LECT 155 SAN | 0000007186 | 90000.00 | 04/30/2025 | Books | Dewey Decimal Classification | College of Business Education Main Library | College of Business Education Main Library | General Collection | 04/25/2013 | 30000.00 | |||||
| 04/30/2025 | LECT 155 SAN | 0000007187 | 90000.00 | 04/30/2025 | Books | Dewey Decimal Classification | College of Business Education Main Library | College of Business Education Main Library | General Collection | 04/25/2013 | 30000.00 | |||||
| 04/30/2025 | LECT 155 SAN | 0000007188 | 90000.00 | 04/30/2025 | Books | Dewey Decimal Classification | College of Business Education Main Library | College of Business Education Main Library | General Collection | 04/25/2013 | 30000.00 | |||||
| 04/30/2025 | LECT 155 SAN | 0000007189 | 90000.00 | 04/30/2025 | Books | Dewey Decimal Classification | College of Business Education Main Library | College of Business Education Main Library | General Collection | 04/25/2013 | 30000.00 |
